Toward transformation in social knowledge
Αποθηκεύτηκε σε:
| Κύριος συγγραφέας: | |
|---|---|
| Μορφή: | Βιβλίο |
| Γλώσσα: | English |
| Δημοσίευση: |
London :
Sage Publications,
c1994
|
| Έκδοση: | 2nd ed. |
| Θέματα: | |
| Ετικέτες: |
Προσθήκη ετικέτας
Δεν υπάρχουν, Καταχωρήστε ετικέτα πρώτοι!
|
MARC
| LEADER | 00000nam a2200000 i 4500 | ||
|---|---|---|---|
| 001 | 1/50489 | ||
| 008 | 980216s1994 eng d | ||
| 020 | |a 0803989725 | ||
| 035 | |l 10027013 | ||
| 040 | |a GR-MY-UA |b gre |e aacr | ||
| 041 | 0 | |a eng | |
| 082 | 0 | |a 302 | |
| 100 | 1 | |a Gergen, Kenneth J. | |
| 245 | 1 | 0 | |a Toward transformation in social knowledge / |c Kenneth J. Gergen |
| 250 | |a 2nd ed. | ||
| 260 | |a London : |b Sage Publications, |c c1994 | ||
| 300 | |a xxvii, 260 σ. | ||
| 504 | |a Περιλαμβάνει βιβλιογραφικές παραπομπές και ευρετήριο | ||
| 650 | 0 | 0 | |a Social psychology |x Philosophy. |
| 650 | 0 | 0 | |a Knowledge, Theory of. |
| 650 | 0 | 0 | |a Knowledge, Sociology of. |
| 852 | |a INST |b CHIOS |e 19980216 |h 302 GER |p 005200009927 |q 005200009927 |t BK |y 0 | ||
| 901 | |a BIBL-1997-3 | ||
| 909 | |a Χ |b 048444 | ||